000 01148cam a2200361 a 4500
001 4265
003 FISKH
005 20240711083035.0
008 040628s2005 nyua b 000 1 eng
010 _a 2004014424
020 _a0060583401
020 _a9780060583415
020 _a006058341X (pbk.)
040 _aDLC
_cDLC
_dDLC
_beng
050 _aPZ7.B4483
082 _a813.5
100 1 _aBerenstain, Stan,
_d1923-2005.
245 1 4 _aThe Berenstain Bears' seashore treasure /
_cStan & Jan Berenstain.
260 _aNew York :
_bHarperCollins,
_c2005.
300 _a30 unnumbered pages :
_bcolor illustrations ;
_c23 cm
440 3 _aAn I can read book
500 _a"Beginning reading 1."
520 _aWhen the Bear family goes to the seashore, they find a map which they hope will lead them to buried treasure.
521 8 _a460
_bLexile
521 8 _aI
_bRaz-Plus
650 1 _aSeashore
_vFiction.
650 1 _aBuried treasure
_vFiction.
650 1 _aBears
_vFiction.
700 1 _aBerenstain, Jan,
_d1923-2012.
906 _a7
_bcbc
_corignew
_d1
_eecip
_f20
_gy-gencatlg
942 _2ddc
_cBK
_n0
999 _c4265
_d4265